Αποταμίευσις και επένδυσις εν Ελλάδι
Αποθηκεύτηκε σε:
| Κύριος συγγραφέας: | |
|---|---|
| Μορφή: | Βιβλίο |
| Γλώσσα: | Greek |
| Δημοσίευση: |
Αθήνα :
ΚΕΠΕ,
1967
|
| Σειρά: | Lecture series (Κέντρον Προγραμματισμού και Οικονομικών Ερευνών)
; 13 |
| Θέματα: | |
| Ετικέτες: |
Προσθήκη ετικέτας
Δεν υπάρχουν, Καταχωρήστε ετικέτα πρώτοι!
|
MARC
| LEADER | 00000nam a2200000 i 4500 | ||
|---|---|---|---|
| 001 | 1/53581 | ||
| 008 | 960503s1967 gre d | ||
| 035 | |l 10027543 | ||
| 040 | |a GR-MY-UA |b gre |e aacr | ||
| 041 | 0 | |a gre | |
| 082 | 0 | |a 339.4309495 | |
| 100 | 1 | |a Westebbe, Richard. | |
| 245 | 1 | 0 | |a Αποταμίευσις και επένδυσις εν Ελλάδι / |c Richard Westebbe |
| 260 | |a Αθήνα : |b ΚΕΠΕ, |c 1967 | ||
| 300 | |a 68 σ. | ||
| 490 | 1 | |a Lecture series (Κέντρον Προγραμματισμού και Οικονομικών Ερευνών) |v ; 13 | |
| 650 | 0 | 0 | |a Capital |z Greece. |
| 650 | 0 | 0 | |a Saving and investment |z Greece. |
| 830 | 0 | |a Lecture series (Κέντρον Προγραμματισμού και Οικονομικών Ερευνών) |v ; 13 | |
| 852 | |a INST |b CHIOS |e 19960503 |h 339.4309495 WES |p 005200005114 |q 005200005114 |t BK |y 0 | ||
| 909 | |a Χ |b 000213 | ||